000 00322nam a2200109 4500
999 _c9926
_d9926
008 180723b ||||| |||| 00| 0 eng d
245 _aPalawan town being groomed as first tourism enterprise zone.
260 _aPhilippines
_bThe Philippine Star
_cc2016
300 _apage B-4.
650 0 _929310
_aTourism.
942 _2ddc
_cPER